000 00594nam a2200229Ia 4500
003 OSt
005 20220924135337.0
006 a|||||r|||| 00| 0
007 ta
008 220923b |||||||| |||| 00| 0 ben d
024 _a290628
037 _cTextual
040 _aARTS
_cARTS
_bben
041 _2ben
_aben
082 _aO13,2C50,2, 157M8
100 _aDas Sisir Kumar Tr.
245 0 _aOidipous turannus of sophocles
260 _c1988
650 _aGREEK LITERATURE
942 _hO13,2C50,2, 157M8
_cTEXL
_2CC
999 _c440359
_d440359